000
00455nam a2200169Ia 4500
008
090711s9999 xx 000 0 und d
082
_b
50851
100
_a
Sाव्हाण बियन
245
_a
व्यत्यय
260
_c
1985
300
_a
188
600
_a
Sाव्हाण बियन
630
_a
व्यत्यय
700
_a
Sाव्हाण बियन
730
_a
व्यत्यय
942
_c
BOOK
999
_c
301449
_d
301449